书目信息 |
| 题名: |
中国退役士兵职业教育与技能培训发展研究
|
|
| 作者: | 晁玉方 著 | |
| 分册: | ||
| 出版信息: | 北京 中国社会科学出版社 2016 |
|
| 页数: | 451页 | |
| 开本: | 24cm | |
| 丛书名: | ||
| 单 册: | ||
| 中图分类: | E263 | |
| 科图分类: | ||
| 主题词: | 退役--tui yi--士兵--职业教育--研究--中国 , 退役--tui yi--士兵--技术培训--研究--中国 | |
| 电子资源: | ||
| ISBN: | 978-7-5161-9310-5 | |
| 000 | 01187nam0 22002531 450 | |
| 001 | 1761014495 | |
| 005 | 20170619171951.0 | |
| 010 | @a978-7-5161-9310-5@dCNY106.00 | |
| 100 | @a20170524d2016 em y0chiy50 ea | |
| 101 | 0 | @achi |
| 102 | @aCN@b110000 | |
| 105 | @ay z 000yy | |
| 106 | @ar | |
| 200 | 1 | @a中国退役士兵职业教育与技能培训发展研究@9zhong guo tui yi shi bing zhi ye jiao yu yu ji neng pei xun fa zhan yan jiu@f晁玉方著 |
| 210 | @a北京@c中国社会科学出版社@d2016 | |
| 215 | @a451页@d24cm | |
| 300 | @a退役士兵创业成功影响因素及促进政策研究;退役士兵职业教育和技能培训研究(民政部全国民政政策理论研究自选课题);齐鲁工业大学人文社科优秀青年学者支持计划 | |
| 330 | @a本书系统性分析中国退役士兵职业教育与技能培训的现状、问题,对其顶层设计、运行机制、发展策略与模式、承训机构评估与建设、课程建设等进行了研究、阐述,并结合当前“双创”与“军民深度融合发展”的时代背景,研究了退役士兵的创业发展与其职业教育融入“军民融合发展”的问题。 | |
| 606 | 0 | @a退役@9tui yi@x士兵@x职业教育@x研究@y中国 |
| 606 | 0 | @a退役@9tui yi@x士兵@x技术培训@x研究@y中国 |
| 690 | @aE263@v5 | |
| 701 | 0 | @a晁玉方@9chao yu fang@4著 |
| 801 | 0 | @aCN@b百万庄@c20170619 |
| 905 | @b1013896-9@dE263@e17@f4 | |
| 中国退役士兵职业教育与技能培训发展研究/晁玉方著.-北京:中国社会科学出版社,2016 |
| 451页;24cm |
| 退役士兵创业成功影响因素及促进政策研究;退役士兵职业教育和技能培训研究(民政部全国民政政策理论研究自选课题);齐鲁工业大学人文社科优秀青年学者支持计划 |
| ISBN 978-7-5161-9310-5:CNY106.00 |
| 本书系统性分析中国退役士兵职业教育与技能培训的现状、问题,对其顶层设计、运行机制、发展策略与模式、承训机构评估与建设、课程建设等进行了研究、阐述,并结合当前“双创”与“军民深度融合发展”的时代背景,研究了退役士兵的创业发展与其职业教育融入“军民融合发展”的问题。 |
| ● |
| 相关链接 |
|
|
|
|
正题名:中国退役士兵职业教育与技能培训发展研究
索取号:E263/17
 
预约/预借
| 序号 | 登录号 | 条形码 | 馆藏地/架位号 | 状态 | 备注 |
| 1 | 1013896 | 210138965 | 第一样本阅览室/ [索取号:E263/17] | 在馆 | |
| 2 | 1013897 | 210138974 | 教育系资料室/ [索取号:E263/17] | 在馆 | |
| 3 | 1013898 | 210138983 | 第一借阅区/ [索取号:E263/17] | 在馆 | |
| 4 | 1013899 | 210138992 | 教育系资料室/ [索取号:E263/17] | 在馆 |